Kéjutazók és zarándokvonatok a vasúthasználat kultúrája és szokásai a 19. században /
The spread of railways transformed the circumstances of pilgrimage in the 19thcentury. Visiting shrines by train was faster, cheaper and more convenient. There were two Budapest church congregations to recognize first the benefits of railway travelling. The Franciscans organized an one-day pilgrimag...
Elmentve itt :
| Szerző: | |
|---|---|
| Dokumentumtípus: | Könyv része |
| Megjelent: |
2017
|
| Sorozat: | A vallási kultúrakutatás könyvei
Különvonaton: a vasút szerepe a vallási életben és a turizmusban |
| Kulcsszavak: | Közlekedés - vasúti - története, Utazás - Magyarország - 19. sz. |
| Tárgyszavak: | |
| Online Access: | http://acta.bibl.u-szeged.hu/67491 |
| LEADER | 01706naa a2200277 i 4500 | ||
|---|---|---|---|
| 001 | acta67491 | ||
| 005 | 20211122122033.0 | ||
| 008 | 200415s2017 hu o 0|| hun d | ||
| 020 | |a 978-963-306-556-3 | ||
| 022 | |a 2064-4825 | ||
| 040 | |a SZTE Egyetemi Kiadványok Repozitórium |b hun | ||
| 041 | |a hun | ||
| 041 | |a eng | ||
| 100 | 1 | |a Frisnyák Zsuzsa | |
| 245 | 1 | 0 | |a Kéjutazók és zarándokvonatok |h [elektronikus dokumentum] : |b a vasúthasználat kultúrája és szokásai a 19. században / |c Frisnyák Zsuzsa |
| 260 | |c 2017 | ||
| 300 | |a 11-26 | ||
| 490 | 0 | |a A vallási kultúrakutatás könyvei | |
| 490 | 0 | |a Különvonaton: a vasút szerepe a vallási életben és a turizmusban | |
| 520 | 3 | |a The spread of railways transformed the circumstances of pilgrimage in the 19thcentury. Visiting shrines by train was faster, cheaper and more convenient. There were two Budapest church congregations to recognize first the benefits of railway travelling. The Franciscans organized an one-day pilgrimage by train every year from Budapest to Máriabesnyő. The Mariazell’s pilgrimages claimed a much larg-er effort more time and financial sacrifices. The Parish Church was the coordina-tor of the pilgrimages to Mariazell. The pilgrim trains were less popular than the special trains from the countryside to St. Stephen’s Day procession in Budapest. | |
| 650 | 4 | |a Társadalomtudományok | |
| 650 | 4 | |a Szociológia | |
| 650 | 4 | |a Bölcsészettudományok | |
| 650 | 4 | |a Történettudomány és régészet | |
| 695 | |a Közlekedés - vasúti - története, Utazás - Magyarország - 19. sz. | ||
| 856 | 4 | 0 | |u http://acta.bibl.u-szeged.hu/67491/1/vallasi_kulturakutatas_konyvei_031_011-026.pdf |z Dokumentum-elérés |